000 00564nam a2200217Ia 4500
003 OSt
005 20220923230816.0
006 a|||||r|||| 00| 0
007 ta
008 Pun
024 _a305,741
037 _cTextual
040 _aARTS
_cARTS
_bPun
041 _2Pun
_aPun
082 _aQ8441v, 153L9
100 _aਸਿੰਘ, ਸਤਿਬੀਰ
_9156291
245 0 _aਸਿਧਾਂਤ ਤੇ Fਤਾਬਦੀਆਂ
260 _c1979
942 _hQ8441v, 153L9
_cTEXL
_2CC
999 _c387531
_d387531